Statistics for Important Cities in WWII

Click here to take the quiz!

General Stats

  • This quiz has been taken 52,017 times
  • The average score is 12 of 21

Answer Stats

Description City % Correct
Capital cities that formed an "Axis" in 1939Berlin
97%
Struck by an atomic bombHiroshima
95%
Struck by an atomic bombNagasaki
92%
Attacked 71 times during the BlitzLondon
91%
Capital cities that formed an "Axis" in 1939Rome
85%
Russian city that the Nazis failed to capture in 1942–43, marking a turning point in the warStalingrad
78%
City where Anne Frank hidAmsterdam
75%
Where Nazi war criminals were triedNuremberg
72%
German city almost entirely destroyed by firebombs in 1945Dresden
71%
Capital of non-occupied FranceVichy
58%
Town where over 300,000 people evacuated France in 1940Dunkirk
55%
Site of the second conferenceYalta
52%
Site of a 1938 conference that ceded parts of Czechoslovakia to GermanyMunich
51%
City that was largely destroyed during the 1944 "uprising" against the German troopsWarsaw
47%
A single plant in this city produced 25% of American tanks, and more
than the entire country of Germany
Detroit
46%
Australian city bombed by the JapaneseDarwin
41%
Island fortress city captured by the Japanese in 1942, with 80,000 British troops capturedSingapore
38%
Site of the third conferencePotsdam
27%
Town where British codebreakers workedBletchley
23%
Site of the first conference between the Big 3 Allied leadersTehran
22%
Principal location of Manhattan Project scientistsLos Alamos
17%

Score Distribution

Percentile by Number Answered

Percent of People with Each Score

Your Score History

You have not taken this quiz